Innovative small chamicals weighing systems (Record no. 61429)

MARC details
000 -LEADER
fixed length control field 00290nam a2200109Ia 4500
100 ## - MAIN ENTRY--AUTHOR NAME
Personal name Chronos Richardson
245 #0 - TITLE STATEMENT
Title Innovative small chamicals weighing systems
260 ## - PUBLICATION, DISTRIBUTION, ETC. (IMPRINT)
Name of publisher Indian Rubber Journal
Year of publication 2002
300 ## - PHYSICAL DESCRIPTION
Number of Pages 112-115
942 ## - ADDED ENTRY ELEMENTS (KOHA)
Koha item type Journals
Holdings
Withdrawn status Lost status Damaged status Not for loan Home library Current library Shelving location Date acquired Serial Enumeration / chronology Koha item type
      Journals RRII Library RRII Library Rubber general 16/12/2002 Volume 66, Issue No-De Journals